header

Mapping cyberspace (Record no. 229690)

MARC details
000 -LEADER
fixed length control field 01299nam a22003374a 4500
082 04 - DEWEY DECIMAL CLASSIFICATION NUMBER
Classification number 303.48/33
100 1# - MAIN ENTRY--AUTHOR NAME
Personal name Dodge, Martin,
245 10 - TITLE STATEMENT
Title Mapping cyberspace
260 ## - PUBLICATION, DISTRIBUTION, ETC. (IMPRINT)
Place of publication London ;
-- New York :
Name of publisher Routledge,
Year of publication 2001.
300 ## - PHYSICAL DESCRIPTION
Number of Pages x, 260 p., 8 p. of plates :
Other physical details ill. (some col.), maps (some col.).
650 #0 - SUBJECT ADDED ENTRY--TOPICAL TERM
Topical Term Computers and civilization.
Topical Term Cyberspace
Topical Term Communication.
700 1# - ADDED ENTRY--PERSONAL NAME
Personal name Kitchin, Rob.
856 40 - ELECTRONIC LOCATION AND ACCESS
Uniform Resource Identifier http://site.ebrary.com/lib/rucke/Doc?id=2002446

No items available.

© 2026 Rongo University
Contact us: librarian | system librarian | Rongo university